Top players are keen to go Dutch (Record no. 78003)

MARC details
000 -LEADER
fixed length control field 00699cab a22002055a 4500
001 - CONTROL NUMBER
control field L135806
008 - FIXED-LENGTH DATA ELEMENTS--GENERAL INFORMATION
fixed length control field 061212e20061202xxk f 000 0 eng d
035 ## - SYSTEM CONTROL NUMBER
System control number (Sirsi) u135806
041 0# - LANGUAGE CODE
Language code of text/sound track or separate title eng
100 1# - MAIN ENTRY--PERSONAL NAME
Personal name Morgan, Howard
245 00 - TITLE STATEMENT
Title Top players are keen to go Dutch
260 ## - PUBLICATION, DISTRIBUTION, ETC.
Date of publication, distribution, etc. 2006
490 #0 - SERIES STATEMENT
Series statement Estates Gazette
Volume/sequential designation (0648) 02 December 2006, 222-224(3)
520 ## - SUMMARY, ETC.
Summary, etc. Discusses customer service to occupiers in the UK, examining the Netherlands approach to ask whether or not it could aid a Europe-wide strategy.
651 4# - SUBJECT ADDED ENTRY--GEOGRAPHIC NAME
Geographic name EUROPE
651 4# - SUBJECT ADDED ENTRY--GEOGRAPHIC NAME
Geographic name NETHERLANDS
690 ## - LOCAL SUBJECT ADDED ENTRY--TOPICAL TERM (OCLC, RLIN)
Topical term or geographic name as entry element Block management
9 (RLIN) 6220
690 ## - LOCAL SUBJECT ADDED ENTRY--TOPICAL TERM (OCLC, RLIN)
Topical term or geographic name as entry element MANAGEMENT-BUSINESS MANAGEMENT-CUSTOMER RELATIONSHIP MANAGEMENT
942 ## - ADDED ENTRY ELEMENTS (KOHA)
Suppress in OPAC 0
Holdings
Withdrawn status Lost status Source of classification or shelving scheme Damaged status Not for loan Home library Current library Shelving location Date acquired Total Checkouts Full call number Barcode Date last seen Copy number Price effective from Koha item type
    Dewey Decimal Classification     London London Journal article 12/12/2006   L135806 135806-1001 06/08/2019 1 06/08/2019 Journal article